000 00561nam a2200205 4500
003 OSt
005 20240620072031.0
006 a
008 240620b |||||||| |||| 00| 0 eng d
020 _a9780600623366
040 _aDWCL-Main lib.
_cOC
082 _aGR. 031.2 A819t 2012
100 _aAsh, Caroline
245 _aTop 10 of everything 2013 /
260 _aLondon :
_bOctopus Publishing Group,
_cc2012
300 _b256 p. : col. photos ;
_c30 cm.
504 _aIncludes index.
650 _a1. Curiosities and wonders.
942 _2ddc
_n0
_cGR
_kGR.
999 _c1001
_d1001